| 000 | 00368nam a2200145Ia 4500 | ||
|---|---|---|---|
| 008 | 150201s2006 xx 000 0 und d | ||
| 082 |
_a617.643 _bR2006J |
||
| 100 | _aJACOBSON, ALEXANDER | ||
| 245 | _aRADIOGRAPHIC CEPHALOMETRY | ||
| 250 | _a1ST | ||
| 260 |
_bQUINTESSENCE PUBLICATION _aCHICAGO _c2006 |
||
| 300 | _a1-307 | ||
| 650 | _aRADIOLOGY | ||
| 942 |
_2ddc _cBK _012 |
||
| 999 |
_c4447 _d4447 |
||